000 00825cam a2200193 4500
001 WB3730-17
008 010731n2001 000 0 eng u
035 _a(Sirsi) u113855
245 _aFacing the challenge of race and housing
260 _c2001
490 _aDTLR News Release
_v(340) 26 July 2001, (2)
520 _aHousing and Regeneration Minister, Lord Falconer, assured black and minority ethnic groups that they would be treated fairly in dealing with housing needs. In welcoming the "Challenge Report - the Race and Housing Inquiry", he emphasised the importance of of consultation and partnership in tackling poverty and deprivation.
590 _aWB
650 _aETHNIC MINORITIES
650 _aREGENERATION
650 _aREGISTERED SOCIAL LANDLORDS
690 _aAffordable housing
_96215
942 _n0
999 _c67830
_d67830